Industria kielce - Czy rozpoznasz Szczypiornistów z zdjęcia? - Statystyki

Ogólne statystyki
  • Ten quiz został rozwiązany 11 razy
  • Średni wynik to 12 z 18
Statystyki odpowiedzi
Obrazkowy Odpowiedź % Poprawnych
Alex Dujshebaev
100%
Adam Morawski
89%
Arkadiusz Moryto
89%
Dylan Nahi
89%
Michał Olejniczak
89%
Piotr Jędraszczyk
89%
Szymon Sićko
89%
Bekir Cordalija
78%
Klemen Ferlin
78%
Aleks Vlah
67%
Artsem Karalek
67%
Łukasz Rogulski
67%
Piotr Jarosiewicz
67%
Theo Monar
67%
Benoit Kounkoud
56%
Marcel Latosiński
33%
Jorge Maqueda Peno
11%
Daniel Dujshebaev Dovichebaeva
0%
Nie znaleziono quizów pasujących do podanych kryteriów
Rozkład punktacji
Procent ludzi z każdym wynikiem
Percentyl według liczby udzielonych odpowiedzi
Twoja historia wyników
Nie rozwiązałeś tego quizu